书目信息 |
| 题名: |
张力与限界
|
|
| 作者: | 黄道炫 著 | |
| 分册: | ||
| 出版信息: | 北京 社会科学文献出版社 2011.11 |
|
| 页数: | 483页 | |
| 开本: | 23cm | |
| 丛书名: | ||
| 单 册: | ||
| 中图分类: | K269.407 | |
| 科图分类: | ||
| 主题词: | 中央苏区--研究--1933-1934 , 中央苏区 | |
| 电子资源: | ||
| ISBN: | 978-7-5097-2744-7 | |
| 000 | 01081oam2 2200277 450 | |
| 001 | 010700117154 | |
| 005 | 20120619161117.81 | |
| 010 | @a978-7-5097-2744-7@dCNY49.00 | |
| 100 | @a20111228d2011 em y0chiy0110 ea | |
| 101 | 0 | @achi |
| 102 | @aCN@b110000 | |
| 105 | @ab z 000yy | |
| 106 | @ar | |
| 200 | 1 | @a张力与限界@9zhang li yu xian jie@e中央苏区的革命(1933~1934)@dTension and limits@erevolution of the central Soviet Area, 1933-1934@f黄道炫著@zeng |
| 210 | @a北京@c社会科学文献出版社@d2011.11 | |
| 215 | @a483页@c地图@d23cm | |
| 300 | @a近世中国 | |
| 330 | @a本书内容包括:中央苏区的炼成、燃烧的革命、消耗战中的资源陷阱、内外挤迫下的社会政治困境、第五次“围剿”与反“围剿”的战争等。 | |
| 510 | 1 | @aTension and limits@erevolution of the central Soviet Area, 1933-1934@zeng |
| 517 | 1 | @a中央苏区的革命(1933~1934)@9zhong yang su qu de ge ming (1933~1934) |
| 606 | 0 | @a中央苏区@x研究@z1933-1934 |
| 606 | 0 | @a中央苏区 |
| 690 | @aK269.407@v4 | |
| 701 | 0 | @a黄道炫@9huang dao xuan@f(1966~)@4著 |
| 801 | 0 | @aCN@bNLC@c20120210 |
| 905 | @b540229-33@dK269.407@e49@f5 | |
| 张力与限界:中央苏区的革命(1933~1934)=Tension and limits:revolution of the central Soviet Area, 1933-1934/黄道炫著.-北京:社会科学文献出版社,2011.11 |
| 483页:地图;23cm |
| 近世中国 |
| ISBN 978-7-5097-2744-7:CNY49.00 |
| 本书内容包括:中央苏区的炼成、燃烧的革命、消耗战中的资源陷阱、内外挤迫下的社会政治困境、第五次“围剿”与反“围剿”的战争等。 |
| ● |
| 相关链接 |
|
|
|
|
正题名:张力与限界
索取号:K269.407/49
 
预约/预借
| 序号 | 登录号 | 条形码 | 馆藏地/架位号 | 状态 | 备注 |
| 1 | 540229 | 205402296 | 第二样本阅览室/ [索取号:K269.407/49] | 在馆 | |
| 2 | 540230 | 205402303 | 密集书库-史法系/ [索取号:K269.407/49] | 在馆 | |
| 3 | 540231 | 205402312 | 第二借阅区/ [索取号:K269.407/49] | 在馆 | |
| 4 | 540232 | 205402321 | 第二借阅区/ [索取号:K269.407/49] | 在馆 | |
| 5 | 540233 | 205402330 | 第二借阅区/ [索取号:K269.407/49] | 在馆 |